00591nam a2200193Ia 4500008004100000020002400041040001900065041001200084082004200096100001700138245002600155260002900181300002400210440002700234504005000261650002800311651002700339700003100366131103s9999 xx 000 0 und d a415110521cGBP 7.99 aLoreto College aEnglish aD-05/809.93384/DAVbLCLIB/EnSem/49373 aDavies, Tony aHumanismcTony Davies aLondonbRoutledgecc1997 avi,152 p. c 19 cm. aThe New critical idiom aIncludes bibliographical references and index aLiterature - Philosophy aHumanism in Literature aDrakakis, John, series ed.